1485 1474 1528 1131 1084 1835 1741 1819 1537 1313 1698 1773 1827 1954 1795 1065 1696 1394 1580 1852 1984 1207 1877 1811 1967 1760 1767 1078 1352 1046 1784 1426 1650 1703 1346 1895 1240 1053 1126 1531 1988 1759 1823 1348 1870 1321 1505 1132 1568 1384 1389 1243 1380 1746 1159 1601 1567 1902 1198 1565 1643 1722 1634 1302 1690 1116 1966 1709 1655 1853 1731 1961 1815 1689 1111 1081 1140 1902 1658 1977 1891 1427 1452 1201 1590 1921 1508 1619 1744 1335 1562 1609 1219 1477 1715 1225 1547 1461 1789 BCNSPRNW ULIB Ver.6.0+V

เปลี่ยนเป็นภาษาไทย

Change to English
 แสดงรายละเอียดบรรณานุกรม
  กลับหน้าหลัก

Brief Record : Get Marc (ISO 2709) : E-mail record : QR code < ปิดหน้าต่าง
LEADER : 00000nam 2200000uu 4500
001    13399123330
003     ULIB
008    140822s2556||||th 000 0 tha d
050  4 ^aDS578.32.K35^bร417
245 00 ^aราชนครินทรานิทรรศน์ 9 ทศวรรษ พระดำรัสสร้างคน /^cโดยชมรมส่งเสริมการเรียนรู้เพื่อพัฒนาเยาวชน (องค์กรสาธารณประโยชน์)
250    ^aพิมพ์ครั้งที่ 1
260    ^aกรุงเทพฯ :^bจรัลสนิทวงศ์การพิมพ์,^c2556
300    ^a127 หน้า :^bภาพประกอบ ;^c23 ซม.
500    ^aจัดพิมพ์เพื่อเฉลิมพระเกียรติและระลึกในพระกรุณาธิคุณ สมเด็จพระเจ้าพี่นางเธอเจ้าฟ้ากัลยาณิวัฒนา กรมหลวงนราธิวาสราชนครินทร์เนื่องในอภิลักขิตสมัยบรรจบ 90 ปี วันประสูติ วันที่ 6 พฤษภาคม พุทธศักราช2556
600 04 ^aกัลยาณิวัฒนา กรมหลวงนราธิวาสราชนครินทร์,^cสมเด็จพระเจ้าพี่นางเธอเจ้าฟ้า,^d2466-2551
600 04 ^aกัลยาณิวัฒนา กรมหลวงนราธิวาสราชนครินทร์,^cสมเด็จพระเจ้าพี่นางเธอเจ้าฟ้า,^d2466-2551^xพระราชดำรัส
710 2  ^aชมรมส่งเสริมการเรียนรู้เพื่อพัฒนาเยาวชน (องค์กรสาธารณประโยชน์)
945    ^p0^l0^i034632
999    ^aเกษร โพธิ์สุวรรณ
รายการนี้ยังไม่มีแท็ก
คุณยังไม่ได้ล็อกอิน คุณสามารถมีกิจกรรมร่วมกับเว็บไซต์ได้ แต่ต้องล็อกอินก่อน ::
  ล็อกอิน

รายการสื่อสารสนเทศ

ลำดับที่ ประเภท เลขเรียก/บาร์โค้ด สถานที่ สถานะ
1. การศึกษาทั่วไป
การศึกษาทั่วไป
DS578.32.K35 ร417 ฉ.1 
  Barcode: 034632
ห้องสมุดวิทยาเขตสวรรค์ประชารักษ์
►หนังสือทั่วไป
บนชั้น

BibComment


ยังไม่เคยถูกคอมเมนท์

คอมเมนท์ทรัพยากรรายการนี้
  คอมเมนท์: ราชนครินทรานิทรร..


 Copyright 2026. Bcnsprnw @Library